| 000 | 00520nam a2200193 a 4500 | ||
|---|---|---|---|
| 005 | 20140310183438.0 | ||
| 008 | 080206s19uu xx 00 eng d | ||
| 020 | _a9780749448653 | ||
| 050 |
_aHD 59 _b.Ol45 2007 |
||
| 100 | _aOliver, Sandra | ||
| 245 | _aPublic relations strategy. / | ||
| 260 |
_aLondon : _bKogan Page, _c2007. |
||
| 300 |
_a146 p. : _bill. ; _c23 cm. |
||
| 440 | _aPR in practice series | ||
| 521 | _aBSBA | ||
| 650 |
_aPublic relations _xManagement. |
||
| 942 |
_cBK _2lcc _kFOR |
||
| 999 |
_c22999 _d22999 |
||